000 00345 a2200157 4500
001 182825
020 _a
040 _cMagnum
100 _aSouza, Geraldo Eustaquio de
240 1 0 _aMuito prazer em me conhecer
_lpor
245 1 0 _aMuito prazer em me conhecer
300 _a
362 0 _a1988
697 _aLITERATURA GERAL
942 _cBK
999 _c182825
_d182825